Random Country Shapes: South America - Statistics

General Stats
  • This quiz has been taken 30 times
  • The average score is 11 of 12
Answer Stats
Picture Answer % Correct
Brazil
100%
Chile
100%
Uruguay
100%
Argentina
94%
Bolivia
94%
Colombia
94%
Guyana
94%
Paraguay
94%
Peru
94%
Suriname
94%
Venezuela
94%
Ecuador
89%
No matching quizzes found
Score Distribution
Percent of People with Each Score
Percentile by Number Answered
Your Score History
You have not taken this quiz